Met Gala 2018 Attendees - Statistics

General Stats
  • This quiz has been taken 5 times
  • The average score is 49 of 182
Answer Stats
Attendees % Correct
Cardi B
100%
Jared Leto
100%
Jennifer Lopez
100%
Nicki Minaj
100%
Rihanna
100%
Ariana Grande
75%
Bella Hadid
75%
Blake Lively
75%
Cara Delevingne
75%
Gigi Hadid
75%
Katy Perry
75%
Kendall Jenner
75%
Kim Kardashian
75%
Kylie Jenner
75%
Lana Del Rey
75%
Lily Collins
75%
Madonna
75%
Miley Cyrus
75%
Nick Jonas
75%
Paris Jackson
75%
Salma Hayek
75%
Sarah Jessica Parker
75%
Scarlett Johansson
75%
Selena Gomez
75%
Zendaya
75%
Amanda Seyfried
50%
Anna Wintour
50%
Anne Hathaway
50%
Ashley Olsen
50%
Cole Sprouse
50%
Cynthia Erivo
50%
Eiza González
50%
Emilia Clarke
50%
Emily Ratajkowski
50%
Emma Stone
50%
Gisele Bündchen
50%
Hailee Steinfeld
50%
Hailey Bieber
50%
Jaden Smith
50%
Janelle Monáe
50%
Karlie Kloss
50%
Kris Jenner
50%
Lewis Hamilton
50%
Lili Reinhart
50%
Mary-Kate Olsen
50%
Michael B. Jordan
50%
Priyanka Chopra
50%
Rita Ora
50%
Sarah Paulson
50%
Shawn Mendes
50%
Sienna Miller
50%
SZA
50%
Tommy Hilfiger
50%
Travis Scott
50%
Vera Wang
50%
Winnie Harlow
50%
Zoë Kravitz
50%
Adwoa Aboah
25%
Alexa Chung
25%
Amber Valletta
25%
Andrew Garfield
25%
Ansel Elgort
25%
Ariana Rockefeller
25%
Ashley Graham
25%
Bee Shaffer
25%
Bradley Cooper
25%
Chadwick Boseman
25%
Charlotte Gainsbourg
25%
Christian Combs
25%
Colin Firth
25%
Dakota Fanning
25%
Dee Ocleppo
25%
Demi Moore
25%
Donald Glover
25%
Greta Gerwig
25%
Idris Elba
25%
Irina Shayk
25%
Jimmy Fallon
25%
John Boyega
25%
Jourdan Dunn
25%
Justin Theroux
25%
Karen Elson
25%
Kate Moss
25%
Kate Upton
25%
Kerry Washington
25%
Kristin Scott Thomas
25%
Lena Waithe
25%
Lily Aldridge
25%
Liu Wen
25%
Mary J. Blige
25%
Michelle Williams
25%
Naomi Watts
25%
Pharrell Williams
25%
Phoebe Waller-Bridge
25%
Poppy Delevingne
25%
Riccardo Tisci
25%
Ruby Rose
25%
Sean Combs
25%
Solange Knowles
25%
Stella Maxwell
25%
Stephen Colbert
25%
Taylor Hill
25%
Tessa Thompson
25%
Tom Brady
25%
Troye Sivan
25%
Virgil Abloh
25%
Wendy Yu
25%
Wiz Khalifa
25%
A$AP Ferg
0%
Alek Wek
0%
Alexander Skarsgård
0%
Alicia Vikander
0%
Amal Clooney
0%
Amber Heard
0%
Andreea Diaconu
0%
Anja Rubik
0%
Brooke Shields
0%
Cassie Ventura
0%
Charlotte Casiraghi
0%
Cindy Crawford
0%
Claire Danes
0%
Colin Jost
0%
Daniel Kaluuya
0%
Deborra-Lee Furness
0%
Diane Kruger
0%
Diplo
0%
Doutzen Kroes
0%
Evan Rachel Wood
0%
Fei Fei Sun
0%
Frances McDormand
0%
François-Henri Pinault
0%
Gabrielle Union
0%
Helen Lasichanh
0%
Hikari Mori
0%
Hugh Jackman
0%
Huma Abedin
0%
Issa Rae
0%
James Corden
0%
Jamie Bochert
0%
Jasmine Sanders
0%
Jeremy Scott
0%
Joan Smalls
0%
Jonah Hill
0%
Julia Corden
0%
Kate Bosworth
0%
Katherine Langford
0%
Katherine McPhee
0%
Katie Lee
0%
Kiersey Clemons
0%
Laura Dern
0%
Laura Love
0%
Lauren Santo Domingo
0%
Letitia Wright
0%
Livia Firth
0%
Liza Koshy
0%
Lynda Carter
0%
Mackenzie Davis
0%
Marjorie Harvey
0%
Mica Argañaraz
0%
Mindy Kaling
0%
Ming Xi
0%
Misha Nonoo
0%
Offset
0%
Olivia Munn
0%
Princess Beatrice of York
0%
Quavo
0%
Renell Medrano
0%
Riley Keough
0%
Rooney Mara
0%
Rosie Huntington-Whiteley
0%
Ruth Negga
0%
Sasha Lane
0%
Shailene Woodley
0%
Shaun White
0%
Takeoff
0%
Thomas Sadoski
0%
Tiffany Haddish
0%
Tracee Ellis Ross
0%
Trevor Noah
0%
Uma Thurman
0%
Yara Shahidi
0%
No matching quizzes found
Score Distribution
Percent of People with Each Score
Percentile by Number Answered
Your Score History
You have not taken this quiz